Informe de gestión año 2013 (Record no. 8252)
[ view plain ]
| 000 -LEADER | |
|---|---|
| campo de control de longitud fija | 00398nam a2200133Ia 4500 |
| 001 - NÚMERO DE CONTROL | |
| campo de control | 3731 |
| 008 - DATOS DE LONGITUD FIJA--INFORMACIÓN GENERAL | |
| campo de control de longitud fija | 241024s9999 xx 000 0 und d |
| 082 ## - NÚMERO DE LA CLASIFICACIÓN DECIMAL DEWEY | |
| Número de clasificación | RD/384/R426o/2013 |
| 100 ## - ENTRADA PRINCIPAL--NOMBRE DE PERSONA | |
| Nombre de persona | República Dominicana.Ministerio de Educación.Oficina de Acceso a la Información |
| 245 #0 - MENCIÓN DEL TÍTULO | |
| Título | Informe de gestión año 2013 |
| 260 ## - PUBLICACIÓN, DISTRIBUCIÓN, ETC. | |
| Nombre del editor, distribuidor, etc. | Santo Domingo |
| Fecha de publicación, distribución, etc. | 2013 |
| 901 ## - ELEMENTOS DE DATOS A LOCAL LDA (RLIN) | |
| a | 17/3/2014 2:20:15 p.m. |
No items available.